000 01250nac a22003251u 4500
999 _c7402
_d7402
003 EG-ScBUE
005 20210504090939.0
008 200219s1998 -cna f b 001 0 eng d
020 _a0773516824
040 _aEG-ScBUE
_beng
_erda
_cEG-ScBUE
_dEG-ScBUE
082 0 4 _a821.7
_bPIE
_222
100 1 _aPierce, John Benjamin,‏
_d1957-
_eauthor.
245 1 0 _aFlexible design :
_brevisionary poetics in Blake's Vala or The four Zoas /
_cJohn B. Pierce.
264 1 _aMontreal :
_bMcGill-Queen's University Press,
_c1998.
300 _axxvii, 206 pages :
_billustrations ;
_c24 cm
336 _2rdacontent
_atext
_btxt
337 _2rdamedia
_aunmediated
_bn
338 _2rdacarrier
_avolume
_bnc
500 _adistributer: Al-Ahram
504 _aIncludes bibliographical references and index.
600 1 7 _aBlake, William,
_d1757-1827.
_tFour Zoas.
_2BUEsh
600 1 7 _aBlake, William,
_d1757-1827.
_tFour Zoas
_xCriticism, Textual.
_2BUEsh
600 1 7 _aBlake, William,
_d1757-1827
_xTechnique.
_2BUEsh
650 7 _aNarration (Rhetoric)
_xHistory
_y18th century.
_2BUEsh
_933957
650 7 _aPoetics
_xHistory
_y18th century.
_2BUEsh
_940332
651 _2BUEsh
653 _bHHUUEENN
_cMay2021
655 _vReading book
_934232
942 _cBB
_k821.7PIE
_2ddc